El testamento de Alonso Quijano, en "El Quijote" / (Record no. 109833)

MARC details
000 -LEADER
campo de control de longitud fija 01052nam a2200265 i 4500
001 - NÚMERO DE CONTROL
campo de control 109833
003 - IDENTIFICADOR DE NÚMERO DE CONTROL
campo de control ES-MaACL
005 - FECHA Y HORA DE LA ÚLTIMA TRANSACCIÓN
campo de control 20231107120935.0
007 - CAMPO FIJO DE DESCRIPCIÓN FÍSICA--INFORMACIÓN GENERAL
campo de control de longitud fija t|
008 - DATOS DE LONGITUD FIJA--INFORMACIÓN GENERAL
campo de control de longitud fija 140904s2013 sp r ||||1| spa d
020 ## - NÚMERO INTERNACIONAL ESTÁNDAR DEL LIBRO
Número Internacional Estándar del Libro 978-84-616-5487-1
080 ## - NÚMERO DE LA CLASIFICACIÓN DECIMAL UNIVERSAL
Número de la Clasificación Decimal Universal 821.134.2 Cervantes Saavedra, Miguel de 7 Quijote.07:34
080 ## - NÚMERO DE LA CLASIFICACIÓN DECIMAL UNIVERSAL
Número de la Clasificación Decimal Universal 347.67(460)"16"
100 1# - ENTRADA PRINCIPAL--NOMBRE DE PERSONA
Nombre de persona Gutiérrez Peña, Florencio,
Fechas asociadas al nombre 1953-
9 (RLIN) 175692
245 13 - MENCIÓN DEL TÍTULO
Título El testamento de Alonso Quijano, en "El Quijote" /
Mención de responsabilidad, etc. Florencio Gutiérrez Peña.
260 ## - PUBLICACIÓN, DISTRIBUCIÓN, ETC.
Lugar de publicación, distribución, etc. Madrid :
Nombre del editor, distribuidor, etc. F. Gutiérrez,
Fecha de publicación, distribución, etc. 2013.
300 ## - DESCRIPCIÓN FÍSICA
Extensión 93 p. ;
Dimensiones 18 m.
600 14 - PUNTO DE ACCESO ADICIONAL DE MATERIA--NOMBRE DE PERSONA
Nombre de persona Cervantes Saavedra, Miguel de,
Fechas asociadas al nombre 1547-1616.
Título de la obra Don Quijote de la Mancha
9 (RLIN) 37612
600 17 - PUNTO DE ACCESO ADICIONAL DE MATERIA--NOMBRE DE PERSONA
Nombre de persona Cervantes Saavedra, Miguel de,
Fechas asociadas al nombre 1547-1616-
Subdivisión general Conocimientos-
-- Derecho
9 (RLIN) 155379
650 #4 - PUNTO DE ACCESO ADICIONAL DE MATERIA--TÉRMINO DE MATERIA
Término de materia o nombre geográfico como elemento de entrada Testamentos-
Subdivisión geográfica España-
Subdivisión cronológica S.XVII.
9 (RLIN) 155380
852 ## - LOCALIZACIÓN
Ubicación ES-MaACL
Número de control de estantería A-13221
itemnumber 113993
Sublocalización o colección R.149969
Ubicación en estantería Depósito 1
Signatura antigua Olim: N-6221
Donativo/Legado Donación: Florencio Gutiérrez Peña
903 ## - NOMBRE PERSONAL DE DONANTE
9 175692
a Gutiérrez Peña, Florencio,
d 1953-
e Donante
942 ## - ELEMENTOS DE ENTRADA SECUNDARIOS (KOHA)
Fuente del sistema de clasificación o colocación Clasificación decimal universal
Tipo de ítem Koha Libro impreso
Holdings
Estatus retirado Estado de pérdida Fuente del sistema de clasificación o colocación Estado de daño No para préstamo Biblioteca de origen Biblioteca actual Ubicación en estantería Fecha de adquisición Fuente de adquisición Total de préstamos Signatura topográfica completa Código de barras Visto por última vez Precio de reemplazo Tipo de ítem Koha
    Clasificación decimal universal     Biblioteca del Ateneo de Madrid Biblioteca del Ateneo de Madrid Depósito 1 17/01/2008 Donación   A-13221 1114597 23/02/2023 23/02/2023 Libro impreso